| 000 | 00556nam a2200181Ia 4500 | ||
|---|---|---|---|
| 008 | 240729s9999 xx 000 0 und d | ||
| 022 | _a2150-1327 | ||
| 245 | 0 | _aJournal of Primary Care & Community Health | |
| 260 | _aUnited States | ||
| 260 | _bSAGE Publishing | ||
| 650 | _a Computer applications to medicine. Medical informatics | Medicine | ||
| 650 | _a Medicine (General) | ||
| 650 | _a Public aspects of medicine | ||
| 650 | _aMedicine | ||
| 856 | _uhttps://doaj.org/toc/813634e6b4bd48d5a55719dd7b07d491 | ||
| 942 | _2ddc | ||
| 942 | _cDOAJEJ | ||
| 999 |
_c67810 _d67810 |
||
| 945 |
_a1 _bMadushi Gamage _c1 _dMadushi Gamage |
||